|
|
|
|
| LEADER |
00000nam2a2200000 4500 |
| 001 |
307036 |
| 005 |
20231102001943.0 |
| 035 |
|
|
|a (RuTPU)RU\TPU\book\332314
|
| 035 |
|
|
|a RU\TPU\book\210121
|
| 090 |
|
|
|a 307036
|
| 100 |
|
|
|a 20151014d1983 k y0rusy50 ca
|
| 101 |
0 |
|
|a rus
|
| 102 |
|
|
|a RU
|
| 105 |
|
|
|a a z 001zy
|
| 200 |
0 |
|
|a Т. 3 : Фотохимические процессы под действием вакуумного ультрафиолетового излучения (алканы, алкены, галогенуглеводороды, органические полимеры)
|
| 210 |
|
|
|d 1983
|
| 215 |
|
|
|a 178 с.
|c ил.
|
| 320 |
|
|
|a Библиогр.: с. 169-176
|
| 461 |
|
1 |
|0 (RuTPU)RU\TPU\book\87697
|x 0202-8026
|t Радиационная химия. Фотохимия
|f Академия наук СССР (АН СССР), Всесоюзный институт научной и технической информации (ВИНИТИ)
|v Т. 3 : Фотохимические процессы под действием вакуумного ультрафиолетового излучения (алканы, алкены, галогенуглеводороды, органические полимеры)
|d 1978-
|s Радиационная химия. Фотохимия
|
| 606 |
1 |
|
|a Радиационная химия
|2 stltpush
|3 (RuTPU)RU\TPU\subj\22310
|9 47107
|
| 606 |
1 |
|
|a Фотохимия
|x (химия)
|2 stltpush
|3 (RuTPU)RU\TPU\subj\64306
|9 81213
|
| 610 |
1 |
|
|a радиохимия
|
| 610 |
1 |
|
|a фотохимические процессы
|
| 610 |
1 |
|
|a насыщенные углеводороды
|
| 610 |
1 |
|
|a полимеры
|
| 610 |
1 |
|
|a ультрафиолетовое излучение
|
| 610 |
1 |
|
|a фотолиз
|
| 610 |
1 |
|
|a оптическая спектроскопия
|
| 610 |
1 |
|
|a алканы
|
| 610 |
1 |
|
|a алкены
|
| 610 |
1 |
|
|a галогенуглеводороды
|
| 610 |
1 |
|
|a органические полимеры
|
| 675 |
|
|
|a 544.54
|v 3
|
| 675 |
|
|
|a 544.52
|v 3
|
| 700 |
|
1 |
|a Дорофеев
|b Ю. И.
|
| 701 |
|
1 |
|a Скурат
|b В. Е.
|
| 801 |
|
1 |
|a RU
|b 63413507
|c 20110305
|
| 801 |
|
2 |
|a RU
|b 63413507
|c 20170320
|g RCR
|
| 942 |
|
|
|c BK
|